| 000 | 00798nam a2200229 i 4500 | ||
|---|---|---|---|
| 001 | 15286 | ||
| 003 | ES-MaACL | ||
| 005 | 20231227062531.0 | ||
| 007 | t| | ||
| 008 | 000211s1999 sp ||||0| spa j | ||
| 020 | _a84-226-7607-9 | ||
| 040 |
_aM-BN _bspa _cM-BN |
||
| 080 | _a821.134.2-14"19" | ||
| 100 | 1 |
_aJiménez, Juan Ramón, _d1881-1958 _966417 |
|
| 245 | 1 | 0 |
_aLírica de una Atlántida / _cJuan Ramón Jiménez ; edición de Alfonso Alegre Heitzmann. |
| 260 |
_aBarcelona : _bCírculo de Lectores : _bGalaxia Gutenberg, _c[1999] |
||
| 300 |
_a495 p. ; _c21 cm. |
||
| 505 | 8 | _aEn el otro costado ; Una colina meridiana ; Dios deseado y deseante ; De ríos que se van | |
| 700 | 1 |
_aAlegre Heitzmann, Alfonso. _919672 |
|
| 852 |
_aES-MaACL _jL-22655 _bR.127925 |
||
| 999 |
_c15286 _d15286 |
||